<?xml version="1.0" encoding="UTF-8"?>
<marc:record xmlns:marc="http://www.loc.gov/MARC21/slim">
   <marc:leader>00000nam a2200000 a 4500</marc:leader>
   <marc:datafield ind1="1" ind2=" " tag="100">
      <marc:subfield code="a">Sauer, Hanno</marc:subfield>
      <marc:subfield code="4">aut</marc:subfield>
      <marc:subfield code="e">Verfasser/-in</marc:subfield>
   </marc:datafield>
   <marc:datafield ind1=" " ind2=" " tag="653">
      <marc:subfield code="a">Soziale Klasse</marc:subfield>
   </marc:datafield>
   <marc:datafield ind1=" " ind2=" " tag="653">
      <marc:subfield code="a">Sozialstatus</marc:subfield>
   </marc:datafield>
   <marc:datafield ind1="0" ind2="0" tag="245">
      <marc:subfield code="a">Klasse</marc:subfield>
   </marc:datafield>
   <marc:datafield ind1="0" ind2="0" tag="245">
      <marc:subfield code="b">Die Entstehung von Oben und Unten</marc:subfield>
   </marc:datafield>
   <marc:datafield ind1="0" ind2="0" tag="245">
      <marc:subfield code="c">Sauer, Hanno</marc:subfield>
   </marc:datafield>
   <marc:datafield ind1=" " ind2="1" tag="264">
      <marc:subfield code="a">München</marc:subfield>
      <marc:subfield code="b">Piper</marc:subfield>
      <marc:subfield code="c">2025</marc:subfield>
   </marc:datafield>
   <marc:datafield ind1="1" ind2=" " tag="520">
      <marc:subfield code="a">Der Kampf um Prestige, Status und Ansehen&#xD;
Klassen durchdringen das gesamte Leben: unsere Werte, unsere Gefühle, unsere Freundschaften und Beziehungen, unseren Geschmack und unseren Lebensstil, unseren Beruf und unsere Finanzen. Es ist ein Thema, das wohl alle beschäftigt. Hanno Sauer untersucht, woher unsere Vorstellungen von Klasse und Status rühren, wie sie unsere Gesellschaft prägen und wie viele Klassen es eigentlich genau gibt. Packend und mitreißend beschreibt er, wie die neuesten Erkenntnisse der Wissenschaft unser Verständnis von Gesellschaft revolutionieren.&#xD;
»Klug geschrieben, unterhaltsam und eine Anregung, eigene Überzeugungen zu hinterfragen.« Die Jury des Deutschen Sachbuchpreises über Moral: Die Erfindung von Gut und Böse&#xD;
»Ein brillanter und scharfsinniger Überblick.« THE TIMES über Hanno Sauers Bestseller Moral: Die Erfindung von Gut und Böse</marc:subfield>
   </marc:datafield>
   <marc:datafield ind1=" " ind2=" " tag="020">
      <marc:subfield code="a">9783492071413</marc:subfield>
      <marc:subfield code="9">9783492071413</marc:subfield>
   </marc:datafield>
   <marc:datafield ind1=" " ind2=" " tag="041">
      <marc:subfield code="a">ger</marc:subfield>
   </marc:datafield>
   <marc:datafield ind1=" " ind2=" " tag="338">
      <marc:subfield code="a">Band</marc:subfield>
   </marc:datafield>
   <marc:datafield ind1=" " ind2=" " tag="300">
      <marc:subfield code="a">357 Seiten</marc:subfield>
   </marc:datafield>
</marc:record>
